[Event "GER-chT U12"]
[Site "Magdeburg"]
[Date "2023.12.29"]
[Round "6.8"]
[White "Hefele, Stefanie"]
[Black "Spielvogel, Oliver"]
[Result "0-1"]
[WhiteElo "1174"]
[BlackElo "1258"]
[PlyCount "110"]
[EventDate "2023.12.26"]
[EventType "team-swiss"]
[EventRounds "7"]
[EventCountry "GER"]
[SourceTitle "CB03_2024"]
[SourceDate "2024.01.17"]
[SourceVersion "1"]
[SourceVersionDate "2024.01.17"]
[SourceQuality "1"]
[WhiteTeam "Tegernsee"]
[BlackTeam "Barnim Schachfreunde"]
[WhiteTeamCountry "GER"]
[BlackTeamCountry "GER"]

1. e4 c5 2. Nf3 Nf6 3. Nc3 e6 4. d4 cxd4 5. Nxd4 a6 6. Bg5 Be7 7. Be2 0-0 8. 0-0 Re8 9. Qd3 Qc7 10. f4 b5 11. e5 Nd5 12. Bf3 Bxg5 13. Nxd5 exd5 14. Bxd5 Bb7 15. Bxf7+ Kxf7 16. fxg5+ Kg8 17. Qb3+ Qc4 18. Qxc4+ bxc4 19. Rae1 Nc6 20. Nf3 Nb4 21. c3 Nd3 22. Re2 Bxf3 23. gxf3 Nxe5 24. f4 Nf3+ 25. Kf2 Rxe2+ 26. Kxe2 Nh4 27. Rd1 Rd8 28. Rd6 a5 29. Ra6 Ng6 30. f5 Re8+ 31. Kd2 Ne5 32. Rxa5 Nf3+ 33. Kd1 Nxg5 34. Rd5 Rd8 35. a4 Nf7 36. a5 Ra8 37. Kd2 Ra6 38. Rb5 Rd6+ 39. Kc2 Kf8 40. b4 cxb3+ 41. Kxb3 Rc6 42. Kb4 Ke7 43. c4 Nd6 44. Rb6 Rxb6+ 45. axb6 Kf6 46. c5 Nxf5 47. b7 Ne7 48. Kb5 Nc6 49. Kb6 Ke6 50. Kc7 Ke7 51. b8Q Nxb8 52. Kxb8 g5 53. Kc7 g4 54. c6 dxc6 55. Kxc6 Ke6 0-1

[Event "GER-chT U12"]
[Site "Magdeburg"]
[Date "2023.12.28"]
[Round "4.7"]
[White "Uhlig, Silas"]
[Black "Spielvogel, Oliver"]
[Result "1-0"]
[WhiteElo "1443"]
[BlackElo "1258"]
[PlyCount "75"]
[EventDate "2023.12.26"]
[EventType "team-swiss"]
[EventRounds "7"]
[EventCountry "GER"]
[SourceTitle "CB03_2024"]
[SourceDate "2024.01.17"]
[SourceVersion "1"]
[SourceVersionDate "2024.01.17"]
[SourceQuality "1"]
[WhiteTeam "Chemnitz USG"]
[BlackTeam "Barnim Schachfreunde"]
[WhiteTeamCountry "GER"]
[BlackTeamCountry "GER"]

1. e4 d5 2. exd5 Qxd5 3. Nc3 Qa5 4. Bc4 Nf6 5. d3 c6 6. Bd2 Qc7 7. Nf3 Bf5 8. Qe2 e6 9. 0-0-0 Nbd7 10. Nh4 0-0-0 11. Bg5 Bd6 12. Kb1 Qb6 13. Be3 Qa5 14. Bd2 Qc7 15. Qe3 Ng4 16. Qxa7 Bc5 17. Qa8+ Nb8 18. Nxf5 exf5 19. Rhf1 Kd7 20. Qa4 b5 21. Nxb5 cxb5 22. Bxb5+ Kc8 23. Ba5 Bb6 24. Bb4 Nxh2 25. Rfe1 Qa7 26. Qb3 Ba5 27. Qc3+ Bc7 28. Re7 Ng4 29. Rde1 Nf6 30. Qc4 Rd4 31. Rxc7+ Qxc7 32. Qxd4 Rd8 33. Qc3 Nd5 34. Qxc7+ Kxc7 35. Ba5+ Nb6 36. Re7+ Kd6 37. Rxf7 Re8 38. Bxe8 1-0

[Event "GER-chT U12"]
[Site "Magdeburg"]
[Date "2023.12.27"]
[Round "2.10"]
[White "Spielvogel, Oliver"]
[Black "Fuchs, Jakob"]
[Result "1/2-1/2"]
[WhiteElo "1258"]
[BlackElo "1155"]
[PlyCount "110"]
[EventDate "2023.12.26"]
[EventType "team-swiss"]
[EventRounds "7"]
[EventCountry "GER"]
[SourceTitle "CB03_2024"]
[SourceDate "2024.01.17"]
[SourceVersion "1"]
[SourceVersionDate "2024.01.17"]
[SourceQuality "1"]
[WhiteTeam "Barnim Schachfreunde"]
[BlackTeam "Magdeburg Schachzwerge"]
[WhiteTeamCountry "GER"]
[BlackTeamCountry "GER"]

1. d4 Nf6 2. Nf3 e6 3. e3 b6 4. b3 Bb7 5. Bb2 d6 6. Be2 Nbd7 7. 0-0 c5 8. dxc5 Nxc5 9. Nc3 Be7 10. Nb5 0-0 11. Rc1 a6 12. Bxf6 axb5 13. Bxe7 Qxe7 14. Bxb5 Ba6 15. Bxa6 Rxa6 16. a4 Ne4 17. Qd3 Nc5 18. Qe2 Raa8 19. Nd4 Rac8 20. Qb5 Qb7 21. b4 Ne4 22. c4 e5 23. Nf5 Rfe8 24. f3 g6 25. fxe4 gxf5 26. exf5 Kh8 27. c5 Qe4 28. cxd6 Rg8 29. Qe2 Rxg2+ 30. Qxg2 Rg8 31. Qxg8+ Kxg8 32. Rc8+ Kg7 33. f6+ Kh6 34. Kf2 Qf5+ 35. Ke2 Qxc8 36. Rd1 Qd7 37. a5 bxa5 38. bxa5 Qg4+ 39. Ke1 Qb4+ 40. Ke2 Qxa5 41. d7 Qd8 42. Rd6 e4 43. Kf2 Kg5 44. Kg3 Kf5 45. Kh4 h5 46. Kg3 Ke5 47. Rd4 Kxf6 48. Kf4 Ke6 49. Rxe4+ Kf6 50. Rd4 Kg6 51. Rd6+ f6 52. e4 Kf7 53. Rd5 Ke7 54. Kf5 h4 55. h3 Kf7 1/2-1/2

[Event "GER-chT U12"]
[Site "Magdeburg"]
[Date "2023.12.27"]
[Round "1.5"]
[White "Spielvogel, Oliver"]
[Black "Jahn, Gustav"]
[Result "0-1"]
[WhiteElo "1258"]
[BlackElo "1304"]
[PlyCount "42"]
[EventDate "2023.12.26"]
[EventType "team-swiss"]
[EventRounds "7"]
[EventCountry "GER"]
[SourceTitle "CB03_2024"]
[SourceDate "2024.01.17"]
[SourceVersion "1"]
[SourceVersionDate "2024.01.17"]
[SourceQuality "1"]
[WhiteTeam "Barnim Schachfreunde"]
[BlackTeam "Dresden Striesen"]
[WhiteTeamCountry "GER"]
[BlackTeamCountry "GER"]

1. d4 Nf6 2. Nf3 d5 3. e3 Bf5 4. Bd3 Bxd3 5. Qxd3 e6 6. 0-0 Be7 7. Qb5+ Nbd7 8. Ne5 Rb8 9. Nc3 0-0 10. Qa5 a6 11. e4 c5 12. Qa4 cxd4 13. Qxd4 Bc5 14. Qd3 Nxe5 15. Qg3 Ng6 16. exd5 Nxd5 17. Rd1 Nxc3 18. Rxd8 Ne2+ 19. Kf1 Nxg3+ 20. hxg3 Rbxd8 21. Bg5 Rd5 0-1

[Event "GER-ch U12"]
[Site "Willingen"]
[Date "2023.05.31"]
[Round "6"]
[White "Mueller, Anker"]
[Black "Spielvogel, Oliver"]
[Result "0-1"]
[WhiteElo "1600"]
[BlackElo "1304"]
[PlyCount "132"]
[EventDate "2023.05.27"]
[EventType "swiss"]
[EventRounds "9"]
[EventCountry "GER"]
[SourceTitle "CBM 214 Extra"]
[Source "ChessBase"]
[SourceDate "2023.07.31"]
[SourceVersion "1"]
[SourceVersionDate "2023.07.31"]
[SourceQuality "1"]

1. e4 c5 2. Nf3 e6 3. d4 cxd4 4. Nxd4 a6 5. c4 b6 6. Nc3 d6 7. Be3 Nf6 8. Be2 Be7 9. 0-0 0-0 10. Rc1 Bb7 11. f3 Nbd7 12. Qd2 Rc8 13. Rfd1 Ne5 14. b3 Ng6 15. Nc2 Qc7 16. Na4 Nd7 17. b4 Nge5 18. Na3 Rfd8 19. Qd4 Nc6 20. Qd2 Nce5 21. Bf1 Nc6 22. b5 Ncb8 23. bxa6 Bxa6 24. Rb1 d5 25. Nxb6 Nxb6 26. Bxb6 Bc5+ 27. Bxc5 Qxc5+ 28. Qf2 Qxa3 29. cxd5 Bxf1 30. Kxf1 exd5 31. exd5 g6 32. Rb6 Na6 33. d6 Nb4 34. d7 Rc1 35. Qe1 Rxd1 36. Qxd1 Qd3+ 37. Qxd3 Nxd3 38. Rd6 Ne5 39. Rd5 Nxd7 40. a4 Kf8 41. a5 Ke7 42. a6 Ra8 43. h4 Rxa6 44. Kf2 Ke6 45. Rd2 Ra4 46. g4 Ne5 47. Re2 Rf4 48. Re3 Kd6 49. Kg3 Rd4 50. f4 Nc4 51. Rf3 Nd2 52. Ra3 Ne4+ 53. Kf3 Nf6 54. Ra6+ Ke7 55. Ra7+ Kf8 56. Ra6 Nd5 57. f5 gxf5 58. gxf5 Rxh4 59. Ra5 Rf4+ 60. Kg3 Rxf5 61. Ra8+ Kg7 62. Kg4 Ne3+ 63. Kg3 h5 64. Re8 Nd5 65. Rd8 Kg6 66. Rd6+ Kg5 0-1

[Event "GER-ch U12"]
[Site "Willingen"]
[Date "2023.05.29"]
[Round "3"]
[White "Spielvogel, Oliver"]
[Black "Iachanou, Daniel"]
[Result "0-1"]
[WhiteElo "1304"]
[BlackElo "1532"]
[PlyCount "89"]
[EventDate "2023.05.27"]
[EventType "swiss"]
[EventRounds "9"]
[EventCountry "GER"]
[SourceTitle "CBM 214 Extra"]
[Source "ChessBase"]
[SourceDate "2023.07.31"]
[SourceVersion "1"]
[SourceVersionDate "2023.07.31"]
[SourceQuality "1"]

1. d4 Nf6 2. Bf4 e6 3. Nf3 d5 4. e3 c5 5. c3 Bd6 6. Bxd6 Qxd6 7. Bd3 Nc6 8. Nbd2 0-0 9. 0-0 b6 10. Re1 Bb7 11. Rb1 cxd4 12. exd4 Rac8 13. Ne5 Qc7 14. f4 Nd7 15. Ndf3 Ndxe5 16. fxe5 h6 17. Bc2 Nb4 18. Ba4 Nc6 19. Qd3 g6 20. Nh4 Kg7 21. Qf3 Qe7 22. Qg4 Ba6 23. Re3 Na5 24. Rh3 Qg5 25. Qxg5 hxg5 26. Nf3 g4 27. Rg3 gxf3 28. Rxf3 Nc4 29. Rf2 Ne3 30. Re1 Nf5 31. Bc2 Ne7 32. Re3 Nc6 33. Ref3 Na5 34. Rf6 Nc4 35. Bd3 b5 36. g4 Rc7 37. Kg2 Nb6 38. h4 Rh8 39. Kg3 Re7 40. Kf4 Rxh4 41. Kg5 Rh3 42. Bf1 Rh8 43. Bd3 Nd7 44. a3 Nf8 45. a4 0-1

[Event "GER-ch U12"]
[Site "Willingen"]
[Date "2023.05.28"]
[Round "2"]
[White "Aweh, Mads"]
[Black "Spielvogel, Oliver"]
[Result "1-0"]
[WhiteElo "1429"]
[BlackElo "1304"]
[PlyCount "49"]
[EventDate "2023.05.27"]
[EventType "swiss"]
[EventRounds "9"]
[EventCountry "GER"]
[SourceTitle "CBM 214 Extra"]
[Source "ChessBase"]
[SourceDate "2023.07.31"]
[SourceVersion "1"]
[SourceVersionDate "2023.07.31"]
[SourceQuality "1"]

1. e4 d5 2. exd5 Qxd5 3. Nc3 Qa5 4. Bc4 Nf6 5. d3 c6 6. Bd2 Qc7 7. Qe2 Bf5 8. 0-0-0 e6 9. h3 b5 10. Bb3 a5 11. g4 Bg6 12. a4 b4 13. Nb1 Nbd7 14. f4 Be7 15. Nf3 Nc5 16. Be3 Nxb3+ 17. cxb3 Nd5 18. Ne5 Bd6 19. d4 Be4 20. Rhf1 f6 21. Nc4 Bxf4 22. Bxf4 Bd3 23. Qxe6+ Qe7 24. Qxe7+ Kxe7 25. Rxd3 1-0

[Event "GER-ch U12"]
[Site "Willingen"]
[Date "2023.05.28"]
[Round "1"]
[White "Spielvogel, Oliver"]
[Black "Deiringer, Julius"]
[Result "0-1"]
[WhiteElo "1304"]
[BlackElo "1742"]
[PlyCount "84"]
[EventDate "2023.05.27"]
[EventType "swiss"]
[EventRounds "9"]
[EventCountry "GER"]
[SourceTitle "CBM 214 Extra"]
[Source "ChessBase"]
[SourceDate "2023.07.31"]
[SourceVersion "1"]
[SourceVersionDate "2023.07.31"]
[SourceQuality "1"]

1. d4 Nf6 2. Bf4 e6 3. Nf3 d5 4. e3 c5 5. c3 Nc6 6. Bd3 Bd6 7. Ne5 c4 8. Nxc6 bxc6 9. Bxd6 Qxd6 10. Bc2 Rb8 11. Qc1 e5 12. dxe5 Qxe5 13. Nd2 Bg4 14. 0-0 0-0 15. Re1 Qc7 16. e4 Rfe8 17. Ba4 Nxe4 18. Nxe4 dxe4 19. Rb1 Bf5 20. Qg5 Bg6 21. Re3 Re5 22. Qh4 h6 23. Bc2 Qa5 24. a3 Reb5 25. Bxe4 Bxe4 26. Qxe4 Rxb2 27. Rbe1 Qd5 28. Qe7 R2b7 29. Qh4 Rb1 30. h3 Rxe1+ 31. Rxe1 Qd2 32. Re3 Rb1+ 33. Kh2 Qd6+ 34. g3 Qd1 35. Re8+ Kh7 36. Qe4+ g6 37. Qg2 Rb2 38. Re7 Kg7 39. Rxa7 Qd3 40. Rc7 Qf5 41. Kg1 Qb1+ 42. Kh2 Qe1 0-1

[Event "GER-chT U12"]
[Site "Muenchen"]
[Date "2022.12.28"]
[Round "4"]
[White "Spielvogel, Oliver"]
[Black "Wolff, Calvin"]
[Result "0-1"]
[WhiteElo "1312"]
[BlackElo "1429"]
[PlyCount "28"]
[EventDate "2022.12.26"]
[EventType "team-swiss"]
[EventRounds "7"]
[EventCountry "GER"]
[SourceTitle "CBM 212 Extra"]
[Source "ChessBase"]
[SourceDate "2023.03.31"]
[SourceVersion "1"]
[SourceVersionDate "2023.03.31"]
[SourceQuality "1"]
[WhiteTeam "Barnim Schachfreunde"]
[BlackTeam "Heilbronn"]
[WhiteTeamCountry "GER"]
[BlackTeamCountry "GER"]

1. d4 Nf6 2. Nf3 g6 3. e3 Bg7 4. Bd3 d5 5. c3 0-0 6. Nbd2 b6 7. 0-0 c5 8. Ne5 Qc7 9. f4 Nc6 10. dxc5 Nxe5 11. fxe5 Ng4 12. Nb3 Qxe5 13. Re1 Qxh2+ 14. Kf1 Qh1+ 0-1